Construction of a pSiM24 based plant expression vector for overexpression of translationally controlled tumour protein (TCTP) gene in Hevea brasiliensis towards stress tolerance enhancement (Record no. 75807)

MARC details
000 -LEADER
fixed length control field 00689nam a22002177a 4500
100 ## - MAIN ENTRY--AUTHOR NAME
Personal name Aswathy, A.R.
245 ## - TITLE STATEMENT
Title Construction of a pSiM24 based plant expression vector for overexpression of translationally controlled tumour protein (TCTP) gene in Hevea brasiliensis towards stress tolerance enhancement
260 ## - PUBLICATION, DISTRIBUTION, ETC. (IMPRINT)
Name of publisher Rubber Science, 38(2): 215-228.
Year of publication 2025
650 ## - SUBJECT ADDED ENTRY--TOPICAL TERM
Topical Term Agrobacterium mediated transformation
650 ## - SUBJECT ADDED ENTRY--TOPICAL TERM
Topical Term Cloning
650 ## - SUBJECT ADDED ENTRY--TOPICAL TERM
Topical Term pSiM24 vector
650 ## - SUBJECT ADDED ENTRY--TOPICAL TERM
Topical Term Sequencing
650 ## - SUBJECT ADDED ENTRY--TOPICAL TERM
Topical Term TCTP
700 ## - ADDED ENTRY--PERSONAL NAME
Personal name Thomas, K.U.
700 ## - ADDED ENTRY--PERSONAL NAME
Personal name Parvathy, B.
700 ## - ADDED ENTRY--PERSONAL NAME
Personal name Ajith, R.
700 ## - ADDED ENTRY--PERSONAL NAME
Personal name Ben, A.S.
700 ## - ADDED ENTRY--PERSONAL NAME
Personal name Jayashree, R.
942 ## - ADDED ENTRY ELEMENTS (KOHA)
Koha item type Journals
Holdings
Withdrawn status Lost status Damaged status Not for loan Home library Current library Date acquired Koha item type
        RRII Library RRII Library 10/02/2026 Journals